000 00688nab a2200217 a 4500
005 20210219161756.0
008 991125s1985 mx 000 0 spa u
035 _aUPN01000191609
222 _aPERFILES EDUCATIVOS
245 _aPrácticas educativas y creencias de profesores de secundaria pertenecientes a escuelas de diferentes contextos socioeconómicos
260 _aMéxico
300 _a40-59
362 0 _a2013 3a época, vol. 35, no. 139
653 0 _aPRACTICA DOCENTE
653 0 _aEDUCACION SECUNDARIA
653 0 _aPOSICION SOCIOECONOMICA
653 0 _aEQUIDAD EDUCATIVA
700 1 _aFernández Nistal, María Teresa,
700 1 _ecoaut.
905 _aArticulo
999 _c163712
_d163712